[Event "IECG CN.2002.0.00275 email"]
[Site "IECG email"]
[Date "2002.01.09"]
[Round "?"]
[White "Waiting, Paul"]
[Black "Van Elsbergen, Klaus"]
[Result "1-0"]
[WhiteElo "800"]
[BlackElo "800"]
[PlyCount "71"]
[EventDate "2002.01.09"]
[EventType "tourn (corr)"]
[EventRounds "6"]
[SourceTitle "Corr 2008"]
[Source "ChessBase"]
[SourceDate "2008.06.24"]
[SourceVersion "1"]
[SourceVersionDate "2008.06.24"]
[SourceQuality "1"]

1. e4 e5 2. Nc3 Nf6 3. Na4 Nxe4 4. d3 Nf6 5. Nf3 Bb4+ 6. c3 Bd6 7. d4 e4 8. Ng5 0-0 9. Bb5 c6 10. Bc4 b5 11. Bxf7+ Kh8 12. Bb3 bxa4 13. Nf7+ Rxf7 14. Bxf7 h5 15. Bxh5 Nxh5 16. Qxh5+ Kg8 17. Qe2 a3 18. Qxe4 Qf8 19. bxa3 Be7 20. a4 d5 21. Qf3 Bf6 22. 0-0 Na6 23. Rb1 Be6 24. Re1 Qf7 25. Qd3 Nc7 26. Qg3 Bc8 27. Qd6 a5 28. Bf4 Ra7 29. Rb8 Kh7 30. Rxc8 Na6 31. Qxc6 Bh4 32. g3 Re7 33. Rxe7 Qxe7 34. Qxd5 Qe1+ 35. Kg2 g6 36. Qf7# 1-0